Normal view
MARC view
- Scott Cookman
Entry Personal Name
001 - CONTROL NUMBER
- control field: 9320
003 - CONTROL NUMBER IDENTIFIER
- control field: NUST
005 - DATE AND TIME OF LATEST TRANSACTION
- control field: 20180121111105.0
008 - FIXED-LENGTH DATA ELEMENTS
- fixed length control field: 180121|| aca||aabn | a|a d
040 ## - CATALOGING SOURCE
- Original cataloging agency: NUST
- Transcribing agency: NUST
100 ## - HEADING--PERSONAL NAME
- Personal name: Scott Cookman
670 ## - SOURCE DATA FOUND
- Source citation: Work cat.: (NUST)320909: Scott Cookman, Ice Blink : The Tragic Fate of Sir John Franklin's Lost Polar Expedition, 2000
